01483naa a2200229 i 45000010005000000030009000050050017000140080039000310400021000700800010000910800008001011000109001092450140002185000021003585200536003796500024009156500017009396500015009566550030009717110065010017730187010663363KOSZ 00520180213124751.0141206s2000 pl f |100 0 pol cBPKdKOSZ 005/EG a621.7 a5171 aKUKIEŁKA, Leon.d1996 - .bPolitechnika Koszalińska - Wydział Mechaniczny,cKatedra Maszyn Roboczych10aNumeryczna analiza stanów przemieszczenia i odkształcenia materiału podczas nagniatania części samochodowych /cLeon Kukiełka. aDane z autopsji. aW pracy przedstawiono problem doboru zarysu nierówności powierzchni części przed nagniataniem w aspekcie kształtowania struktury geometrycznej powierzchni oraz właściwości fizycznych stref wyrobu. W tym celu opracowany model i algorytm modelowania procesu nagniatania zastosowano do obliczenia stanów przemieszczenia i odkształcenia podczas nagniatania powierzchni o trójkątnym zarysie nierówności powierzchni, wykorzystując system komputerowy ANSYS. Przedstawiono wybrane wyniki obliczeń numerycznych. 0aAnaliza numeryczna. 0aNagniatanie. 0aSamochody. 0aMateriały konferencyjne.22aSłupskie Forum Motoryzacjin(3 ;d2000 ;cSłupsk, Polska).0 iW :tTechniczne i ekologiczne aspekty rozwoju motoryzacji : III Słupskie Forum Motoryzacji : Słupsk, 13-14 maja 2000. -dSłupsk : Starostwo Powiatowe w Słupsku, 2000. -gs. 54-69